Roman Ingarden's philosophy of literature : phenomenological account /
In Roman Ingarden's Philosophy of Literature Wojciech Chojna discusses Ingarden's theory of literary works and develops a phenomenological account of identity which accommodates differences in interpretations and value judgments without succumbing to relativism. The latter is overcome not...
المؤلف الرئيسي:
التنسيق: كتاب الكتروني
اللغة: English
منشور في:
Leiden :
Koninklijke Brill NV,
2017.
سلاسل:
Value Inquiry Book Series
313.
Religious Studies, Theology and Philosophy E-Books Online, Collection 2017, ISBN: 9789004328082.
الموضوعات:
الوصول للمادة أونلاين: Login to view Source
الوسوم: إضافة وسم
رقم الطلب: PN45 .C46 2017
| LEADER | 03078nam a2200469 i 4500 | ||
|---|---|---|---|
| 001 | BRILL9789004357181 | ||
| 003 | nllekb | ||
| 005 | 20210602103719.0 | ||
| 006 | m d | ||
| 007 | cr un uuuua | ||
| 008 | 171102s2017 ne sb 001 0deng d | ||
| 020 | |a 9789004357181 |q (electronic book) | ||
| 020 | |z 9789004357129 |q (print) | ||
| 024 | 7 | |a 10.1163/9789004357181 |2 DOI | |
| 035 | |a (OCoLC)1010577604 | ||
| 040 | |a NL-LeKB |c NL-LeKB |e rda | ||
| 050 | 4 | |a PN45 |b .C46 2017 | |
| 072 | 7 | |a HPN |2 bicssc | |
| 072 | 7 | |a PHI001000 |2 bisacsh | |
| 082 | 0 | 4 | |a 800 |
| 100 | 1 | |a Chojna, Wojciech. | |
| 245 | 1 | 0 | |a Roman Ingarden's philosophy of literature : |b phenomenological account / |c Wojciech Chojna. |
| 264 | 1 | |a Leiden : |b Koninklijke Brill NV, |c 2017. | |
| 300 | |a 1 online resource (181 pages) | ||
| 336 | |a text |b txt |2 rdacontent | ||
| 337 | |a computer |b c |2 rdamedia | ||
| 338 | |a online resource |2 rdacarrier | ||
| 490 | 1 | |a Value Inquiry Book Series. Philosophy, Literature, and Politics ; |v 313 | |
| 504 | |a Includes bibliographical references and index. | ||
| 505 | 0 | 0 | |a Front Matter -- -- Contents -- Preface -- Introduction -- Introduction to the Concept of Identity -- Nature and Identity of a Literary Work in American Aesthetics -- Phenomenological Concept of Identity -- Literary Work as a Schematic Structure -- Aesthetic Experience and Life of a Literary Work of Art -- Values of Literary Work of Art -- The Identity of a Literary Work of Art -- Epilogue. |
| 506 | |a Available to subscribing member institutions only. | ||
| 520 | |a In Roman Ingarden's Philosophy of Literature Wojciech Chojna discusses Ingarden's theory of literary works and develops a phenomenological account of identity which accommodates differences in interpretations and value judgments without succumbing to relativism. The latter is overcome not through falling back on essentialism but from within relativism. Literature offers us diverse experiences changing our perceptions of ourselves and the worlds we live inches Absolutism proclaiming unmitigated access to the meaning of literary texts is intolerant of differences and leads to violence in life. Conversely, relativism, in the illusory spirit of radical tolerance, turns meanings and values into historically contingent, incompatible interpretations, where communication and reconciliation is impossible, thus justifying ideological conflicts and violence. | ||
| 600 | 1 | 0 | |a Ingarden, Roman, |d 1893-1970 |x Criticism and interpretation. |
| 650 | 0 | |a Literature |x Philosophy. | |
| 650 | 0 | |a Phenomenology. | |
| 776 | 0 | 8 | |i Print version: |t Roman Ingarden's Philosophy of Literature: A Phenomenological Account |d Leiden, Boston : Brill | Rodopi, 2017, |z 9789004357129 |
| 830 | 0 | |a Value Inquiry Book Series |v 313. | |
| 830 | 0 | |a Religious Studies, Theology and Philosophy E-Books Online, Collection 2017, ISBN: 9789004328082. | |
| 856 | 4 | |z DOI: |u http://dx.doi.org/10.1163/9789004357181 | |
| 942 | |c EBOOK | ||
| 952 | |0 0 |1 0 |4 0 |7 1 |9 15403 |a BRILL |b BRILL |d 2021-06-02 |l 0 |r 2021-06-02 00:00:00 |w 2021-06-02 |y EBOOK | ||
| 999 | |c 36850 |d 36850 | ||
